000 00962njm a22002777a 4500
005 20100914152621.0
007 sd ammalaaahaa
008 100913t xxu||||| |||| 00| 0 hin d
028 _aECSD 5903
_bEMI
035 _aGR-03535
040 _aSED/VEN
100 _aKishore Kumar
_91184
245 _aBabu /
_cby Kishore Kumar
_h[sound recording] :
246 _aबाबु / किशोरे कुमार द्वारा
260 _aDum Dum India
_bEMI
_c1983
300 _a1 sound disc [Gramophone record] :
_banalog, 33 1/3 rpm
_c12.5 in. (LP)
_fGramophone Record
500 _aBrief Record
500 _aRecord label :EMI, Red
505 _aSide-1 Yeh mera Jeevan Side 2 Aesi rang de piya
600 _aKishore Kumar
_919992
650 _aHindi Film Song
_xExcerpts
_zIndia
_919603
700 _919604
700 _919605
942 _2ddc
_cGR
999 _c46688
_d46688